Incidencia de la formación en el profesorado. Webquest: una propuesta metodológica en educación infantil y primaria (Record no. 178677)

MARC details
000 -CABECERA
campo de control de longitud fija 02013nab a2200349 a 4500
005 - FECHA Y HORA DE LA ÚLTIMA TRANSACCIÓN
campo de control 20260328064227.0
008 - ELEMENTOS DE LONGITUD FIJA--INFORMACIÓN GENERAL
campo de control de longitud fija 991125c2015 sp qr p o 000 0 spa d
035 ## - NÚMERO DE CONTROL DEL SISTEMA
Número de control de sistema UPN01000206576
040 ## - FUENTE DE LA CATALOGACIÓN
Centro catalogador/agencia de origen MX-MxUPN
Lengua de catalogación spa
Centro/agencia transcriptor MX-MxUPN
Normas de descripción aacr2
049 ## - COLECCIÓN
Colección ART-E
100 1# - ASIENTO PRINCIPAL--NOMBRE PERSONAL
Nombre de persona Molina Jaén, María Dolores
100 1# - ASIENTO PRINCIPAL--NOMBRE PERSONAL
Filiación lomolin@hotmail.com
100 1# - ASIENTO PRINCIPAL--NOMBRE PERSONAL
Nombre de persona Rodríguez Moreno, Javier
100 1# - ASIENTO PRINCIPAL--NOMBRE PERSONAL
Filiación lomolin@hotmail.com
100 1# - ASIENTO PRINCIPAL--NOMBRE PERSONAL
Nombre de persona Pérez Navío, Eufrasio
100 1# - ASIENTO PRINCIPAL--NOMBRE PERSONAL
Filiación epnavio@ujaen.es
100 1# - ASIENTO PRINCIPAL--NOMBRE PERSONAL
Nombre de persona Callado Moreno, Juan Antonio
100 1# - ASIENTO PRINCIPAL--NOMBRE PERSONAL
Filiación juanancamo@hotmail.com
245 10 - MENCIÓN DE TÍTULO
Título Incidencia de la formación en el profesorado. Webquest: una propuesta metodológica en educación infantil y primaria
506 0# - NOTA DE RESTRICCIONES AL ACCESO
Limitaciones de acceso Acceso abierto
520 3# - NOTA DE RESUMEN, ETC.
Sumario, etc. La presente investigación ha querido constatar la incidencia de la formación online realizada por la administración educativa andaluza desde el curso escolar 2010‐2011 hasta el 2013‐2014 desde sus Centros del Profesorado ‐CEP‐, en el uso de herramientas TIC y en las propuestas metodológicas que incluyen herramientas como la WebQuest y su desarrollo en el aula. Para ello hemos desarrollado un cuestionario al efecto y el análisis de los resultados deberán hacernos reflexionar sobre el cambio metodológico que se ha de producir todavía en los centros y en las aulas tras la formación recibida, para ir a la par al menos, con los cambios que se han producido ya en los ámbitos sociales y personales de la vida de nuestro alumnado.
650 #2 - ASIENTO SECUNDARIO DE MATERIA - TERMINO TEMATICO
Término de materia o nombre geográfico como elemento de entrada Webquest
9 (RLIN) 19420
650 #4 - ASIENTO SECUNDARIO DE MATERIA - TERMINO TEMATICO
Término de materia o nombre geográfico como elemento de entrada Formación docente
9 (RLIN) 55770
650 #4 - ASIENTO SECUNDARIO DE MATERIA - TERMINO TEMATICO
Término de materia o nombre geográfico como elemento de entrada Tecnologías de la información y comunicación
9 (RLIN) 21219
650 #4 - ASIENTO SECUNDARIO DE MATERIA - TERMINO TEMATICO
Término de materia o nombre geográfico como elemento de entrada Educación primaria
9 (RLIN) 1552
773 ## - ENLACE AL DOCUMENTO FUENTE/ENTRADA DE REGISTRO ANFITRIÓN
Parte(s) relacionada(s) No. 52 (2015), p. 1-17
Título Edutec : revista electrónica de tecnología educativa
Número Internacional Normalizado para Publicaciones Seriadas 1135-9250
856 4# - LOCALIZACIÓN Y ACCESO ELECTRÓNICOS
Identificador Uniforme del Recurso <a href="https://www.edutec.es/revista/index.php/edutec-e/article/view/601">https://www.edutec.es/revista/index.php/edutec-e/article/view/601</a>
856 4# - LOCALIZACIÓN Y ACCESO ELECTRÓNICOS
Identificador Uniforme del Recurso <a href="https://doi.org/10.21556/edutec.2015.52.601">https://doi.org/10.21556/edutec.2015.52.601</a>
902 ## - ELEMENTOS DE DATOS B LOCAL, LDB (RLIN)
Creó Gloria Jiménez/120126
905 ## - TIPO DE MATERIAL
Tipo de material Articulo
942 ## - ELEMENTOS DE PUNTO DE ACCESO ADICIONAL (KOHA)
Tipo de ítem Koha Artículo Electrónico
Holdings
Estado de retiro Estado de pérdida Estado dañado No para préstamo Código de colección Localización permanente Ubicación/localización actual Ubicación en estantería Fecha de adquisición Total de préstamos Fecha visto por última vez Identificador Uniforme del Recurso Precio válido a partir de Tipo de ítem Koha
        Acceso abierto Bib. Gregorio Torres Quintero Bib. Gregorio Torres Quintero En línea 12/01/2026   12/01/2026 https://doi.org/10.21556/edutec.2015.52.601 12/01/2026 Artículo Electrónico